| 000 | 00554nam a2200181Ia 4500 | ||
|---|---|---|---|
| 999 |
_c36747 _d36747 |
||
| 003 | OSt | ||
| 005 | 20201209114108.0 | ||
| 008 | 190216s9999||||xx |||||||||||||| ||und|| | ||
| 020 | _a9788170492165 | ||
| 040 | _coclc | ||
| 082 |
_a352.3790810 _bDHA/O |
||
| 100 |
_aDhar, Maloy Krishna _97331 |
||
| 245 | 0 |
_aOpen Secrets: India's Intelligence Unveiled / _cMaloy Krishna Dhar |
|
| 260 |
_bManas Foundations, _aNew Delhi: _c2005. |
||
| 300 | _a795p | ||
| 650 | _aEnglish | ||
| 942 |
_cREF _2ddc _h352.3790810 _iDHA/O _k352.3790810 _mDHA/O |
||